Central Library OPAC University of Rajshahi

Cost accounting : (Record no. 15197)

MARC details
000 -LEADER
fixed length control field 00725nam a2200241 a 4500
001 - CONTROL NUMBER
control field 15197
003 - CONTROL NUMBER IDENTIFIER
rucl marc code BD-RUCL
005 - DATE AND TIME OF LATEST TRANSACTION
control field 20211208235752.0
008 - FIXED-LENGTH DATA ELEMENTS--GENERAL INFORMATION
fixed length control field 170118s1954 nyua 001 0 eng c
035 ## - SYSTEM CONTROL NUMBER
System control number (BD-RUCL)15251
040 ## - CATALOGING SOURCE
Original cataloging agency CSU
Transcribing agency BD-RUCL
Modifying agency BD-RUCL
Language of cataloging eng
041 ## - LANGUAGE CODE
Language code of text/sound track or separate title eng
082 ## - DEWEY DECIMAL CLASSIFICATION NUMBER
Classification number 657.42
Author mark and year NIC 1954
Edition number 23
100 1# - MAIN ENTRY--PERSONAL NAME
Personal name Nickerson, Clarence B.
9 (RLIN) 46728
245 10 - TITLE STATEMENT
Title Cost accounting :
Remainder of title text, problems, and cases /
Statement of responsibility, etc. Clarence B. Nickerson
260 ## - PUBLICATION, DISTRIBUTION, ETC. (IMPRINT)
Place of publication, distribution, etc. New York :
Name of publisher, distributor, etc. McGraw-Hill Book Company,
Date of publication, distribution, etc. 1954.
300 ## - PHYSICAL DESCRIPTION
Pagination xii, 462 p. :
Illustrations ill ;
Size 24 cm.
490 1# - SERIES STATEMENT
Series statement Harvard problem books.
500 ## - GENERAL NOTE
General note Includes index
650 #0 - SUBJECT ADDED ENTRY--TOPICAL TERM
Topical term or geographic name as entry element Cost accounting.
9 (RLIN) 47275
830 #0 - SERIES ADDED ENTRY--UNIFORM TITLE
Uniform title Harvard problem books.
942 ## - ADDED ENTRY ELEMENTS (KOHA)
Source of classification or shelving scheme Dewey Decimal Classification
Koha item type Books
Holdings
Lost status Source of classification or shelving scheme Damaged status Not for loan Collection code Permanent Location Current Location Shelving location Date acquired Source of acquisition Cost, normal purchase price Total Checkouts Full call number Date last seen Copy number Koha item type
  Dewey Decimal Classification     Non-fiction Central Library, University of Rajshahi Central Library, University of Rajshahi   05/12/1962 Zeitlinger 60.00   657.42 NIC 1954 09/02/2014 C-2 Books
  Dewey Decimal Classification   Not For Loan Non-fiction Central Library, University of Rajshahi Central Library, University of Rajshahi Reading Room 05/12/1962 Zeitlinger 60.00   657.42 NIC 1954 18/01/2017 C-1 Books
  Dewey Decimal Classification     Non-fiction Central Library, University of Rajshahi Central Library, University of Rajshahi   06/11/1956 2.12 0.00   657.42 NIC 1954 19/01/2017 C-3 Books